| 000 | 00589nam a2200193Ia 4500 | ||
|---|---|---|---|
| 003 | OSt | ||
| 005 | 20200803104805.0 | ||
| 008 | 190216s9999||||xx |||||||||||||| ||und|| | ||
| 020 | _a0852267223 | ||
| 040 | _coclc | ||
| 082 |
_a515.353 _bPRA/P |
||
| 100 |
_aPrasad, Phoolan _93900 |
||
| 245 | 0 |
_aPartial Differential Equations / _cPhoolan Prasad ; Renuka Ravindran |
|
| 250 | _a1st Ed. | ||
| 260 |
_bWiley Eastern Ltd, _bNew Age International, _c1985. _aNew Delhi: |
||
| 300 | _a252p | ||
| 650 | _aMathematics | ||
| 942 |
_cBK _2ddc _h515.353 _iPRA/P _k515.353 _mPRA/P |
||
| 999 |
_c30883 _d30883 |
||